000 00622nam a22001937a 4500
005 20141119112442.0
008 141119b xxu||||| |||| 00| 0 eng d
040 _aLoreto College
041 _aEnglish
082 _a378.9961
_bDAV
245 _aPsychiatric education
_bA symposium held at the Institute of Psychiatry, The Maudsley Hospital, London on 14-15th March 1963
_cEdited by D.L. Davies and M. Shepherd
260 _aLondon
_bPitman Medical
_c1964
300 _a129p.
_b22cm.
650 _aEducation- Psychology
700 _4ed.
_aDavies, D.L.
700 _4ed.
_aShepherd, M.
850 _aLCLIB
942 _cBK
999 _c39590
_d90069